| 000 | 00912nam a2200265Ia 4500 | ||
|---|---|---|---|
| 003 | GCL | ||
| 008 | 140319s9999 xx 000 0 ara d | ||
| 020 | _aط130442977 | ||
| 040 |
_aGCL / _cGCL |
||
| 082 | 0 | 4 |
_a332.401 _bب د |
| 100 | 1 | _aمحمود عبدالفضيل | |
| 245 | 1 | 0 |
_aالدولرة : _bدراسة منهجية حول النقود والتصنيع ومديونية البلدان المتخلفة / _cمحمود عبدالفضيل |
| 700 | 1 | _aسلامة، بيير | |
| 700 | 1 | _aعزة ابوالنصر | |
| 250 | _aالاولى | ||
| 260 |
_aالقاهرة : _bدار المستقبل العربى ، _c1990 |
||
| 300 |
_a107 ص ؛ _c20 سم |
||
| 650 | 0 | 4 | _aالاقتصاد |
| 650 | 0 | 4 | _aالسياسة المالية |
| 650 | 0 | 4 | _aالنقود |
| 650 | 0 | 4 | _aالدولار |
| 650 | 0 | 4 | _aالقوة الشرائية |
| 650 | 0 | 4 | _aالانكماش المالى |
| 942 |
_2ddc _cBK |
||
| 999 |
_c4639 _d4639 |
||